ESL learner difficulties in the Malaysian literature classroom /
محفوظ في:
| المؤلف الرئيسي: | |
|---|---|
| التنسيق: | أطروحة |
| اللغة: | English |
| منشور في: |
University of Strathclyde, Glasgow
: Department of English Studies,
1997
|
| الموضوعات: | |
| الوسوم: |
إضافة وسم
لا توجد وسوم, كن أول من يضع وسما على هذه التسجيلة!
|
| LEADER | 011110000a22003130004500 | ||
|---|---|---|---|
| 001 | 162940 | ||
| 005 | 20051129112400.0 | ||
| 008 | 971209s1997 eng | ||
| 035 | |a 538065 | ||
| 035 | |a (Sirsi) 162940 | ||
| 040 | |a UIAM |b eng |e rda | ||
| 043 | |a a-my--- | ||
| 049 | |b m | ||
| 050 | 0 | |a PR51.M42 | |
| 100 | 0 | |a Nora Nasir, |e author | |
| 245 | 1 | 0 | |a ESL learner difficulties in the Malaysian literature classroom / |c by Nora Nasir |
| 264 | 1 | |a University of Strathclyde, Glasgow |b : Department of English Studies, |c 1997 | |
| 300 | |a vi, 471 pages ; |c 30 cm. | ||
| 336 | |2 rdacontent |a text | ||
| 337 | |2 rdamedia |a unmediated | ||
| 338 | |2 rdacarrier |a volume | ||
| 502 | |a (Ph. D.)--University of Strathclyde, Glasgow, 1997. | ||
| 596 | |a 1 | ||
| 650 | 0 | |a Literature |x Study and teaching |z Malaysia | |
| 650 | 0 | |a English language |x Study and teaching |z Malaysia | |
| 655 | 0 | 7 | |a Theses, IIUM foreign |
| 900 | |a ajh-amar | ||
| 999 | |c 431222 |d 462713 | ||
| 952 | |0 0 |6 T PR 000005 1 M42 N822E 1997 |7 0 |8 THESES |9 750931 |a IIUM |b IIUM |c MULTIMEDIA |g 0.00 |o t PR5 1 M42 N822E 1997 |p 00000538069 |r 2017-10-20 |t 1 |v 0.00 |y THESIS | ||
